000 00565nam a2200229Ia 4500
003 OSt
005 20230511143331.0
008 210423s2010 xx 000 0 und d
020 _a9788126525300
040 _cAL
041 _aeng
082 _a660.6
_223
_bREHH
100 _aREHM (H J);REED (G),Ed.
_9103245
245 _aBiotechnology: bioprocessing.
250 _a2
260 _aNew Delhi
_bWiley India Pvt Ltd
_c2010
300 _axv,816
_bHB
365 _b3252
_cINR
440 _v3
906 _abioprocessing. ; Biotechnology:
942 _2ddc
_cBK
999 _c164244
_d164244